[Event "NCA-chT final"]
[Site "Managua"]
[Date "2021.10.23"]
[Round "4.1"]
[White "Bazan, Jose Vicente"]
[Black "Sanchez, Gabriel Ivan"]
[Result "0-1"]
[WhiteElo "1805"]
[BlackElo "1760"]
[PlyCount "24"]
[EventDate "2021.10.16"]
[EventType "team-tourn"]
[EventRounds "11"]
[EventCountry "NCA"]
[SourceTitle "EXT 2023"]
[Source "ChessBase"]
[SourceDate "2022.10.05"]
[SourceVersion "1"]
[SourceVersionDate "2022.10.05"]
[SourceQuality "1"]
[WhiteTeam "Torre Fuerte"]
[BlackTeam "Surnrise CC"]
[WhiteTeamCountry "NCA"]
[BlackTeamCountry "NCA"]

1. e4 e6 2. d4 d5 3. exd5 exd5 4. Nf3 Nf6 5. h3 Bd6 6. Bd3 0-0 7. 0-0 c5 8. dxc5 Bxc5 9. Bg5 h6 10. Bxf6 Qxf6 11. Nc3 Be6 12. Nxd5 Bxd5 0-1

[Event "NCA-chT final"]
[Site "Managua"]
[Date "2021.10.16"]
[Round "1.1"]
[White "Espinoza Solano, Jose Nahum"]
[Black "Bazan, Jose Vicente"]
[Result "1-0"]
[WhiteElo "2151"]
[BlackElo "1805"]
[PlyCount "103"]
[EventDate "2021.10.16"]
[EventType "team-tourn"]
[EventRounds "11"]
[EventCountry "NCA"]
[SourceTitle "EXT 2023"]
[Source "ChessBase"]
[SourceDate "2022.10.05"]
[SourceVersion "1"]
[SourceVersionDate "2022.10.05"]
[SourceQuality "1"]
[WhiteTeam "Alcaldia de Managua"]
[BlackTeam "Torre Fuerte"]
[WhiteTeamCountry "NCA"]
[BlackTeamCountry "NCA"]

1. e4 d6 2. d4 Nf6 3. Nc3 g6 4. Be3 Bg7 5. f3 c6 6. Qd2 b5 7. h4 h5 8. Nh3 Bxh3 9. Rxh3 Nbd7 10. a4 b4 11. Nd1 a5 12. Nf2 Nb6 13. g4 hxg4 14. fxg4 d5 15. e5 Ne4 16. Nxe4 dxe4 17. h5 gxh5 18. gxh5 Qd5 19. b3 0-0-0 20. h6 Bf8 21. Qe2 Kc7 22. e6 Qxe6 23. Bf4+ Kd7 24. Rh5 Ke8 25. Bc7 Nd5 26. Bxd8 Kxd8 27. Qh2 Qd6 28. Qxd6+ exd6 29. h7 Ne3 30. Kd2 Nd5 31. Bc4 e3+ 32. Ke1 Nf4 33. Rf5 Ne6 34. Bxe6 fxe6 35. Rf7 Ke8 36. Ra7 Be7 37. Rxa5 Rxh7 38. Ke2 Rh2+ 39. Kxe3 Rh3+ 40. Kf2 Bf6 41. Ra8+ Ke7 42. Ra7+ Ke8 43. Rd1 Rh2+ 44. Ke3 Rh3+ 45. Ke2 Rh2+ 46. Kd3 d5 47. Rg1 Kf8 48. Rf1 Rh6 49. a5 Kg8 50. Rxf6 Rxf6 51. a6 Rf1 52. Rb7 1-0

[Event "NCA-chT 1st Stage"]
[Site "Managua"]
[Date "2021.10.03"]
[Round "6.2"]
[White "Aburto, Santiago"]
[Black "Bazan, Jose Vicente"]
[Result "0-1"]
[WhiteElo "1825"]
[BlackElo "1805"]
[PlyCount "78"]
[EventDate "2021.09.25"]
[EventType "team-swiss"]
[EventRounds "9"]
[EventCountry "NCA"]
[SourceTitle "EXT 2023"]
[Source "ChessBase"]
[SourceDate "2022.10.05"]
[SourceVersion "1"]
[SourceVersionDate "2022.10.05"]
[SourceQuality "1"]
[WhiteTeam "Jose Raul Capablanca"]
[BlackTeam "Torre Fuerte"]
[WhiteTeamCountry "NCA"]
[BlackTeamCountry "NCA"]

1. d4 Nf6 2. Nf3 b6 3. g3 Bb7 4. Bg2 e6 5. 0-0 Be7 6. c4 c5 7. Nc3 cxd4 8. Qxd4 Nc6 9. Qd3 0-0 10. e4 Ba6 11. Rd1 Bc5 12. e5 Ng4 13. Ne4 Ncxe5 14. Nxe5 Nxe5 15. Qc3 Nxc4 16. Nxc5 bxc5 17. Bxa8 Qxa8 18. b3 Nb6 19. Bb2 f6 20. Qxc5 Qf3 21. Qe3 Qh5 22. Rd4 Bb7 23. Re1 Qh3 24. f3 e5 25. Rh4 Qf5 26. g4 Qg6 27. a4 d5 28. a5 d4 29. Qe2 Nd5 30. Qe4 Qxe4 31. fxe4 Nf4 32. g5 fxg5 33. Rg4 h5 34. Rg3 h4 35. Rf3 g4 36. Rff1 Ba6 37. Ba3 Rf7 38. Bd6 Bxf1 39. Rxf1 Ne2+ 0-1

[Event "NCA-chT 1st Stage"]
[Site "Managua"]
[Date "2021.09.25"]
[Round "1.2"]
[White "Fonseca Trana, Norlan Antonio"]
[Black "Bazan, Jose Vicente"]
[Result "0-1"]
[WhiteElo "1396"]
[BlackElo "1805"]
[PlyCount "62"]
[EventDate "2021.09.25"]
[EventType "team-swiss"]
[EventRounds "9"]
[EventCountry "NCA"]
[SourceTitle "EXT 2023"]
[Source "ChessBase"]
[SourceDate "2022.10.05"]
[SourceVersion "1"]
[SourceVersionDate "2022.10.05"]
[SourceQuality "1"]
[WhiteTeam "Centro America"]
[BlackTeam "Torre Fuerte"]
[WhiteTeamCountry "NCA"]
[BlackTeamCountry "NCA"]

1. e4 d6 2. Nf3 Nf6 3. Nc3 g6 4. Bc4 Bg7 5. d3 0-0 6. 0-0 c5 7. a4 Nc6 8. Ba2 Bd7 9. Bd2 Rc8 10. h3 Nd4 11. Re1 e5 12. Nd5 Be6 13. c4 Nh5 14. Bg5 f6 15. Bd2 f5 16. Ng5 f4 17. Nxe6 Nxe6 18. f3 Ng3 19. Bc3 Rf7 20. Rb1 Qh4 21. b4 g5 22. bxc5 dxc5 23. Rb2 h5 24. Rf2 Nf8 25. a5 Rc6 26. Bb3 Rg6 27. Ba4 g4 28. Be8 gxh3 29. Bxf7+ Kxf7 30. gxh3 Nxe4+ 31. Rg2 Qf2+ 0-1

[Event "NCA-chT fase1"]
[Site "Managua"]
[Date "2019.10.13"]
[Round "8.3"]
[White "Bazan, Jose Vicente"]
[Black "Salazar Cabezas, Alberto Javier"]
[Result "1-0"]
[WhiteElo "1799"]
[BlackElo "1976"]
[PlyCount "127"]
[EventDate "2019.09.28"]
[EventType "team-swiss"]
[EventRounds "9"]
[EventCountry "NCA"]
[SourceTitle "CBM 194 Extra"]
[Source "ChessBase"]
[SourceDate "2020.03.31"]
[SourceVersion "1"]
[SourceVersionDate "2020.03.31"]
[SourceQuality "1"]
[WhiteTeam "Nicaragua CC"]
[BlackTeam "Jane Allens Knights"]
[WhiteTeamCountry "NCA"]
[BlackTeamCountry "NCA"]

1. e4 c5 2. Nc3 Nc6 3. g3 g6 4. Bg2 Bg7 5. Nge2 Nf6 6. 0-0 0-0 7. d3 d6 8. h3 Rb8 9. a4 a6 10. f4 Bd7 11. g4 e6 12. Ng3 Ne8 13. g5 b5 14. axb5 axb5 15. f5 Be5 16. Nce2 Nd4 17. f6 d5 18. c3 Nxe2+ 19. Nxe2 dxe4 20. dxe4 Qc7 21. Qe1 Bc6 22. Qh4 Rd8 23. Be3 Bb7 24. Rfd1 Rxd1+ 25. Rxd1 Kh8 26. Qf2 c4 27. Bb6 Qc6 28. Bd8 Rg8 29. Be7 Qc7 30. Bd8 Qc6 31. Be7 Qc7 32. Qc5 Qxc5+ 33. Bxc5 h6 34. h4 hxg5 35. hxg5 Nc7 36. Rd7 Na6 37. Ba3 b4 38. cxb4 Bc6 39. Rxf7 Rd8 40. Rg7 Rd2 41. Kf2 Bxb2 42. Bxb2 Rxb2 43. Rxg6 Be8 44. Rh6+ Kg8 45. Bh3 Nc7 46. g6 Bxg6 47. Rxg6+ Kf8 48. Rg7 Ne8 49. Re7 Nxf6 50. Rxe6 Kf7 51. e5 Ne4+ 52. Ke3 Ng5 53. Rf6+ Ke7 54. Bg4 Rxb4 55. Rf5 Ne6 56. Nc3 Rb3 57. Kd2 Nd4 58. Rh5 Rb2+ 59. Ke3 Nc2+ 60. Ke4 Rb3 61. Nd5+ Kf8 62. e6 Ra3 63. e7+ Kg7 64. Be6 1-0

[Event "NCA-chT fase1"]
[Site "Managua"]
[Date "2019.10.13"]
[Round "9.3"]
[White "Olivas Siles, Roberto Carlos"]
[Black "Bazan, Jose Vicente"]
[Result "1-0"]
[WhiteElo "1605"]
[BlackElo "1799"]
[PlyCount "82"]
[EventDate "2019.09.28"]
[EventType "team-swiss"]
[EventRounds "9"]
[EventCountry "NCA"]
[SourceTitle "CBM 194 Extra"]
[Source "ChessBase"]
[SourceDate "2020.03.31"]
[SourceVersion "1"]
[SourceVersionDate "2020.03.31"]
[SourceQuality "1"]
[WhiteTeam "Diamante de Las Segovias"]
[BlackTeam "Nicaragua CC"]
[WhiteTeamCountry "NCA"]
[BlackTeamCountry "NCA"]

1. Nf3 Nf6 2. d4 g6 3. g3 Bg7 4. Bg2 0-0 5. 0-0 d5 6. b3 Ne4 7. Bb2 c5 8. Nbd2 Nc6 9. e3 f5 10. Rc1 Qa5 11. a4 Nc3 12. Bxc3 Qxc3 13. Nb1 Qa5 14. dxc5 Qxc5 15. c4 d4 16. exd4 Nxd4 17. Re1 h6 18. Nxd4 Bxd4 19. Rc2 e5 20. Bd5+ Kh7 21. Nc3 a6 22. Kg2 Rb8 23. f3 Bd7 24. Ne2 Be3 25. Nc3 Bc6 26. Qd3 Bd4 27. Ne2 Qb4 28. Rd1 Bxd5 29. cxd5 Bb6 30. Rc4 Qd6 31. b4 Rbc8 32. a5 Rxc4 33. Qxc4 Ba7 34. Rc1 Bb8 35. b5 Rd8 36. bxa6 bxa6 37. Qc6 Qxd5 38. Qxa6 e4 39. fxe4 Qxe4+ 40. Kh3 Re8 41. Nc3 g5 1-0

[Event "NCA-chT fase1"]
[Site "Managua"]
[Date "2019.10.06"]
[Round "6.3"]
[White "Velasquez, Rommel"]
[Black "Bazan, Jose Vicente"]
[Result "1/2-1/2"]
[WhiteElo "2039"]
[BlackElo "1799"]
[PlyCount "104"]
[EventDate "2019.09.28"]
[EventType "team-swiss"]
[EventRounds "9"]
[EventCountry "NCA"]
[SourceTitle "CBM 194 Extra"]
[Source "ChessBase"]
[SourceDate "2020.03.31"]
[SourceVersion "1"]
[SourceVersionDate "2020.03.31"]
[SourceQuality "1"]
[WhiteTeam "Clemente Guido"]
[BlackTeam "Nicaragua CC"]
[WhiteTeamCountry "NCA"]
[BlackTeamCountry "NCA"]

1. Nf3 Nf6 2. c4 g6 3. Nc3 d5 4. cxd5 Nxd5 5. d4 Bg7 6. e4 Nxc3 7. bxc3 0-0 8. Be3 c5 9. Qd2 Nc6 10. d5 Qa5 11. Rc1 Ne5 12. Nxe5 Bxe5 13. c4 Qc7 14. f4 Bg7 15. Be2 Rd8 16. Bf3 b6 17. 0-0 Ba6 18. e5 Rab8 19. Rfd1 f6 20. e6 f5 21. Qc2 h5 22. g3 Bf6 23. Bd2 Bd4+ 24. Kg2 b5 25. cxb5 Rxb5 26. Bc3 Bxc3 27. Qxc3 Qb6 28. Rd2 Bb7 29. Qe5 Qa5 30. Qc3 Qxc3 31. Rxc3 c4 32. Rxc4 Rdxd5 33. Re2 Rdc5 34. Rd4 Bxf3+ 35. Kxf3 Rc3+ 36. Kg2 a5 37. Rd7 Kf8 38. Ra7 Rc6 39. a4 Rbc5 40. Kh3 Rc7 41. Rxc7 Rxc7 42. Re5 Ra7 43. Kh4 Kg7 44. Kg5 Ra6 45. h3 Ra8 46. Rc5 Ra6 47. Rc7 Rxe6 48. Ra7 Re3 49. Kh4 Re4 50. Kg5 Re3 51. Kh4 Re4 52. Kg5 Re3 1/2-1/2